000 00833nam a2200205 a 4500
005 20200104041525.0
008 140303s1992 cr fr|||| 000 0 spa d
040 _aCO-BoIAVH
_cCO-BoIAVH
041 0 _aspa
044 _acr
082 0 4 _a354.334
_bM66l
110 2 _bCosta Rica.
_aMinisterio de Recursos Naturales, Energía y Minas. Dirección General de Vida Silvestre
245 1 0 _aLey de conservación de la vida silvestre /
_cMinisterio de Recursos Naturales, Energía y Minas. Dirección General de Vida Silvestre
260 _aTurrialba :
_bMinisterio de Recursos Naturales, Energía y Minas. Dirección General de Vida Silvestre ,
_c1992.
300 _a51 páginas ;
_c21 x 14 cm.
650 6 _aLey 7317 de 1992
650 6 _aConservación de biodiversidad
662 _aCosta Rica
942 _cLIBRO
_2ddc
999 _c1836
_d1836